| 000 | 01327namaa2200313 i 4500 | ||
|---|---|---|---|
| 003 | EG-GICUC | ||
| 005 | 20260429125142.0 | ||
| 008 | 260429s1993 ua ||||jr|||| 000 0 ara d | ||
| 017 |
_a1985 / 7411 _bدار الكتب والوثائق القومية (مصر) |
||
| 040 |
_aEG-GiCUC _bara _cEG-GiCUC _dEG-GiCUC _erda |
||
| 082 | 0 | 4 |
_221 _a224 _bM4252 1993 |
| 092 | 0 | 4 |
_221 _a224 _bM4252 1993 |
| 099 | _a224 M4252 1993 | ||
| 100 | 1 |
_aالمطعنى، عبد العظيم، _eمؤلف. |
|
| 245 | 1 | 2 |
_aالمجاز فى اللغة والقرآن الكريم بين الاجازة ..والمنع ..عرض ..وتحليل ..ونقد / _cالدكتور عبد العظيم المطعنى |
| 250 | _aالطبعة الثانية | ||
| 264 |
_aالقاهرة (مصر) : _bمكتبة وهبة، _c1993 |
||
| 300 |
_a2 مجلد X 1 ؛ _c24 سم |
||
| 336 |
_2rdacontent _atext |
||
| 337 |
_2rdamedia _aUnmediated |
||
| 338 |
_2rdacarrier _avolume |
||
| 504 | _aيشتمل على ارجاعات ببليوجرافية. | ||
| 541 |
_aد. / جابر عصفور ؛ _bالقاهرة ؛ _cإهداء ؛ _d2024. |
||
| 630 | 2 | 7 |
_2qrmak _aالقرآن _vالفاظ (من الناحية البلاغية) |
| 650 | 1 | 0 |
_aاللغة العربية _xبناء الجملة _2qrmak |
| 651 | 1 | _2qrmak | |
| 905 | _aAmira | ||
| 942 |
_2ddc _cBK _e21 _n0 |
||
| 999 |
_c179814 _d179814 |
||